书目信息 |
| 题名: |
漫画角色绘画描红
|
|
| 作者: | ;真红水芹 译 ;靓丽出版社 著 | |
| 分册: | ||
| 出版信息: | 沈阳 辽宁科学技术出版社 2008.04 |
|
| 页数: | 80页 | |
| 开本: | 29cm | |
| 丛书名: | ||
| 单 册: | ||
| 中图分类: | F218.2 | |
| 科图分类: | ||
| 主题词: | 漫画--man hua--技法 (美术) | |
| 电子资源: | ||
| ISBN: | 978-7-5381-5340-8 | |
| 000 | 00925nam0 2200241 450 | |
| 001 | 012008581071 | |
| 005 | 20080617145744.48 | |
| 010 | @a978-7-5381-5340-8@dCNY22.00 | |
| 100 | @a20080617d2008 em y0chiy0120 ea | |
| 101 | 1 | @achi@cjpn |
| 102 | @aCN@b210000 | |
| 105 | @aa z 000yy | |
| 106 | @ar | |
| 200 | 1 | @a漫画角色绘画描红@Aman hua jiao se hui hua miao hong@f(日) 靓丽出版社著@F(ri)liang li chu ban she zhu@g真红水芹译@Gzhen hong shui qin yi |
| 210 | @a沈阳@c辽宁科学技术出版社@d2008.04 | |
| 215 | @a80页@c图@d29cm | |
| 330 | @a本书介绍了漫画基础1 画草稿;漫画基础2 使用钢笔;漫画基础3 上色;面部的画法;五官的画法;临摹各个视角的脸部画样本和临摹各种表情的脸部漫画样本等内容。 | |
| 606 | 0 | @a漫画@Aman hua@x技法 (美术) |
| 690 | @aF218.2@v4 | |
| 702 | 0 | @a真红水芹@Azhen hong shui qin@4译 |
| 711 | 02 | @a靓丽出版社@Aliang li chu ban she@4著 |
| 801 | 0 | @aCN@bQSSK@c20080617 |
| 905 | @b727979-81@dF218.2@eZ407@f3 | |
| 漫画角色绘画描红/(日) 靓丽出版社著/真红水芹译.-沈阳:辽宁科学技术出版社,2008.04 |
| 80页:图;29cm |
| ISBN 978-7-5381-5340-8:CNY22.00 |
| 本书介绍了漫画基础1 画草稿;漫画基础2 使用钢笔;漫画基础3 上色;面部的画法;五官的画法;临摹各个视角的脸部画样本和临摹各种表情的脸部漫画样本等内容。 |
| ● |
| 相关链接 |
|
|
|
正题名:漫画角色绘画描红
索取号:F218.2/Z407
 
预约/预借
| 序号 | 登录号 | 条形码 | 馆藏地/架位号 | 状态 | 备注 |
| 1 | 727979 | 207279791 | 社科库409/ [索取号:F218.2/Z407] | 在馆 | |
| 2 | 727980 | 207279808 | 社科库409/409社科库 72排3列1层/ [索取号:F218.2/Z407] | 在馆 | |
| 3 | 727981 | 207279817 | 自科二线404/309社科库 73排2列4层/ [索取号:F218.2/Z407] | 在馆 |